Statystyki dla Dzisiejsze państwa nazistowskich Niemiec na mapie

Kliknij tutaj aby rozwiązać quiz!

Ogólne statystyki

  • Ten quiz został rozwiązany 36 569 razy
  • Średni wynik to 20 z 21

Odpowiedzi na mapie

Odpowiedzi skodowane kolorowo w zielono-czerwonej skali na mapie do tego quizu, zgodnie z poniższymi procentami.
 

Statystyki odpowiedzi

Kraj% Poprawnych
Polska
100%
Polska
100%
Francja
99%
Litwa
99%
Niemcy
99%
Rosja
99%
Ukraina
99%
Białoruś
98%
Czechy
98%
Estonia
98%
Łotwa
98%
Norwegia
98%
Belgia
97%
Dania
97%
Holandia
97%
Austria
96%
Luksemburg
93%
Słowacja
92%
Grecja
88%
Słowenia
85%
Serbia
81%

Rozkład punktacji

Percentyl według liczby udzielonych odpowiedzi

Procent ludzi z każdym wynikiem

Twoja historia wyników

Nie rozwiązałeś tego quizu